000 01167nam0a22002891 4500
001 rc\919970
005 20141016171653.0
035 _a(NLR Aleph) 006094073
090 _a5189607
_c5189607
100 _a20041129d1982 u |0rusy50 ca
101 0 _arus
102 _aRU
105 _aa |||||||||
200 1 _aИнформационные аспекты проектирования системы обработки данных
_eУчеб. пособие
_fС.М. Диго, Н.В. Синилова, Ю.Ф. Тельнов
210 _aМ.
_cМЭСИ
_d1982
215 _a77 с.
_cил.
_d20
300 _aВ надзаг.: М-во высш. и сред. спец. образования СССР, Моск. экон.-стат. ин-т
320 _aБиблиогр.: с. 75-77
700 1 _aДиго
_bС. М.
_gСветлана Михайловна
701 1 _aСинилова
_bН. В.
_gНина Васильевна
701 1 _aТельнов
_bЮ. Ф.
_f1952-
_gЮрий Филиппович
_3RU\NLR\AUTH\770137413
801 0 _aRU
_bNLR
_gpsbo
801 1 _aRU
_bELAR
_2rusmarc
852 _aNLR
_j83-4/19141
942 _cBOOK
980 _aNB